000 00212 a2200097 4500
001 3463
100 _aWilliamson, J A
245 _aAmericans rise to world power
260 _a
_bHamilton
_c
090 _c2729
_d2729
942 _aNUST-CAE
_cM
_c19213
999 _c238536
_d238536